000 01547nam0a22003011 4500
001 RU\NLR\19V\937189
005 20250625210051.0
035 _a(NLR Aleph) 011134276
090 _a11585277
_c11585277
100 _a20160523d1906 |||y0rusy50 ca
101 1 _arus
_cger
102 _aRU
105 _ay z |||a|
200 1 _aДневник падшей
_eподлинные записки
_fобработаны для печати Маргаритой Бëме
_gпер. с нем. Ф. Ельяшевич
_gсо вступ. ст. С.Л. Франка
210 _aС.-Петербург
_c"Общественная польза"
_d1906
215 _aXXVIII, 329 с.
_d19
327 0 _aВ кн. также: К вопросу о сущности морали : (вместо предисловия) / С.Л. Франк
464 0 _12001#$aК вопросу о сущности морали$e(вместо предисловия)$fС.Л. Франк
_1700#1$3RU\NLR\AUTH\7718694$7ca$aФранк$bС. Л.$f1877-1950$gСемен Людвигович
_tК вопросу о сущности морали
_aФранк, Семен Людвигович (1877-1950)
620 _aRU
_dСанкт-Петербург
700 1 _7ca
_8rus
_aБёме
_bМ.
_f1867-1939
_gМаргарита
_9271248
_3RU\NLR\AUTH\770271304
702 1 _aЕльяшевич
_bФ.
_4730
801 0 _aRU
_bNLR
_c20160523
_gpsbo
801 1 _aRU
_bNLR
_c20160523
_2rusmarc
801 2 _aRU
_bNLR
_c20160523
_2rusmarc
852 _aNLR
_j38.55.8.47
942 _cBOOK
980 _aNB